Everton FC Squad 2020-2021 - Statistics

General Stats
  • This quiz has been taken 38 times
    26 since last reset
  • The average score is 22 of 30
Answer Stats
# Position Nation Player % Correct
1 GK England Jordan Pickford
100%
9 FW England Dominic Calvert-Lewin
95%
19 MF Colombia James Rodríguez
95%
5 DF England Michael Keane
95%
23 DF Ireland Seamus Coleman
95%
13 DF Colombia Yerry Mina
95%
17 FW Nigeria Alex Iwobi
90%
6 MF Brazil Allan
90%
20 FW Brazil Bernard
90%
- Coach Italy Carlo Ancelotti
90%
10 MF Iceland Gylfi Sigurðsson
90%
12 DF France Lucas Digne
90%
7 FW Brazil Richarlison
90%
21 MF Portugal André Gomes
85%
16 MF France Abdoulaye Doucouré
80%
14 FW Turkey Cenk Tosun
80%
4 DF England Mason Holgate
80%
26 MF England Tom Davies
80%
11 FW Norway Joshua King
75%
33 GK Sweden Robin Olsen
75%
22 DF England Ben Godfrey
65%
8 MF England Fabian Delph
55%
31 GK Portugal João Virgínia
55%
49 GK Denmark Jonas Lössl
50%
25 MF Ivory Coast Jean-Philippe Gbamin
45%
24 FW England Anthony Gordon
30%
32 DF England Jarrad Branthwaite
30%
2 DF England Jonjoe Kenny
30%
18 DF France Niels Nkounkou
25%
34 MF DR Congo Beni Baningime
10%
No matching quizzes found
Score Distribution
Percent of People with Each Score
Percentile by Number Answered
Your Score History
You have not taken this quiz since the last reset